| 000 | 00567nam a22002057a 4500 | ||
|---|---|---|---|
| 003 | Ost | ||
| 005 | 20260313080134.0 | ||
| 008 | 260313b |||||||| |||| 00| 0 eng d | ||
| 020 | _a9789812879745 | ||
| 040 | _cBT-PhCST | ||
| 050 | _a25785-25786 | ||
| 082 |
_222 _a338.927 _bBIS |
||
| 100 | _a Biswas, Asit K. | ||
| 245 | _aWater Security, climate change and sustainable development / | ||
| 260 |
_aSingapore : _bSpringer, _cc2016. |
||
| 300 |
_axiv, 168 p. : _bill. ; _c24 cm. |
||
| 500 | _aIncludes index. | ||
| 700 | _aTortajada, Cecilia. | ||
| 942 |
_2ddc _cWRE |
||
| 999 |
_c10208 _d10208 |
||